000 00535nam a2200217Ia 4500
003 OSt
005 20220927114218.0
006 a|||||r|||| 00| 0
007 ta
008 220926b |||||||| |||| 00| 0 eng d
024 _a150345
037 _cTextbook
040 _aRTL
_cRTL
_beng
041 _2eng
_aeng
082 _a"YxM58, L3/TD1"
100 _aLukes
_9387158
245 0 _aEmile Durkheim
_b His life and work
260 _c1973
942 _h"YxM58, L3/TD1"
_cCC
999 _c703084
_d703084